00773nam a2200229Ia 450000500170000000800410001702000150005804100080007308200160008110000290009724500910012625000220021730000470023949000270028665000390031365100410035226400270039333600270042033700330044733800280048004000350050820220316235540.0121119s2000 sp ab 000 0 spa  a842063784X0 aspa04a973.8bA73e1 aAsimov, Isaacd1920-199214aLos Estados Unidos desde la guerra civil hasta la primera guerra mundialcIsaac Asimov aPrimera edición a293 páginasbilustraciones, mapasc18 cm0 aHumanidades : Historia14aGuerra Mundial I, 1914-1918 2LEMB14aEstados UnidosxHistoria ySiglo XIX aMadrid bAlianzac2000 atextobtxt2rdacontent asin mediaciónbn2rdamedia avolumenbnc2rdacarrier aCO-BoRNBPbspaerdacCO-BoRNBP